| 000 | 00636nam a22001937a 4500 | ||
|---|---|---|---|
| 999 |
_c121157 _d121157 |
||
| 001 | K121157 | ||
| 008 | 190716b2019 ||||| |||| 00| 0 eng d | ||
| 041 | _aeng | ||
| 110 |
_96281 _aUN Climate Change Conference |
||
| 245 |
_aUN Climate Change Conference _bDecember 2019 |
||
| 260 | _c2019 | ||
| 520 | _aSummary of provisional agenda of UN Climate Change Conference which is taking place in Madrid on 2 - 13 December 2019. | ||
| 650 | _aClimate change | ||
| 650 | _aUnited Nations | ||
| 650 | _aUN Conference | ||
| 651 | _aInternational | ||
| 690 |
_96238 _aEnvironment |
||
| 856 |
_uhttps://unfccc.int/cop25 _zView at: unfccc.int |
||